[Event "Stjernens høstturnering 2016"]
[Site "Seilduksgata 11"]
[Date "2016.09.06"]
[Round "6"]
[White "Wasshaug, Espen"]
[Black "Kaasen, Tor Fredrik"]
[Result "1-0"]
[WhiteElo "1797"]
[BlackElo "1927"]
[PlyCount "71"]
[EventDate "2016.??.??"]

1. d4 Nf6 2. c4 g6 3. Nc3 Bg7 4. e4 d6 5. Be2 O-O 6. Be3 e5 7. d5 Ne8 8. g4 f5
9. gxf5 gxf5 10. exf5 Bxf5 11. Nf3 Na6 12. Qd2 c5 13. Bg5 Qa5 14. Nh4 Nb4 15.
Nxf5 Rxf5 16. Rg1 e4 17. Bh6 Kh8 18. Bxg7+ Nxg7 19. a3 Re8 20. O-O-O Na6 21.
Qh6 Rf7 22. Qxd6 Nf5 23. Qf4 Rff8 24. Bh5 Re7 25. Rg5 Nb4 26. Rxf5 Rg8 27. axb4
cxb4 28. Nb1 Qa2 29. Be2 b5 30. Rf7 Rxf7 31. Qxf7 h6 32. Qf6+ Kh7 33. Qe7+ Rg7
34. Qxe4+ Kh8 35. Qe8+ Rg8 36. Qe5+
1-0

[Event "Stjernens høstturnering 2016"]
[Site "Seilduksgata 11"]
[Date "2016.09.06"]
[Round "6"]
[White "Egeland, Finn"]
[Black "Vestli, Håkon Bjørge"]
[Result "1-0"]
[WhiteElo "1960"]
[BlackElo "1952"]
[Annotator "Stjernen,SK"]
[PlyCount "73"]
[EventDate "2016.??.??"]

1. e4 e6 2. d4 d5 3. Nc3 Nf6 4. e5 Nfd7 5. f4 b6 6. Nf3 Be7 7. Bd3 Ba6 8. f5
Bxd3 9. Qxd3 Nf8 10. O-O Qd7 11. Bg5 h6 12. Bxe7 Qxe7 13. a4 a6 14. Rf2 c6 15.
Raf1 Ra7 16. Ne2 exf5 17. Qxf5 Qe6 18. Nh4 g6 (18... g5 $1 19. Qxe6+ (19. Nf4
$5 Qxf5 20. Nxf5 gxf4 21. Nd6+ Kd8 22. Rxf4 $44) 19... fxe6 20. Nf3 Rf7) 19.
Qd3 Qg4 20. Rf4 Qg5 21. Qf3 Qe7 22. Rf6 Ne6 23. Qg4 Nd8 24. Nf4 Nd7 25. Rd6 h5
26. Qh3 Rg8 27. Nfxg6 fxg6 28. Nxg6 Qg5 29. Re6+ $1 Nxe6 30. Qxe6+ Kd8 31.
Qxg8+ Kc7 32. e6 Qe3+ 33. Kh1 Qe2 34. Qf7 Kb8 35. Qe8+ Kb7 36. Qxd7+ Kb8 37.
Rf8#
1-0

[Event "Stjernens høstturnering 2016"]
[Site "Seilduksgata 11"]
[Date "2016.09.06"]
[Round "6"]
[White "Haugerud, Hårek"]
[Black "Chikwati, Elvis"]
[Result "0-1"]
[WhiteElo "1709"]
[BlackElo "1760"]
[Annotator "Stjernen,SK"]
[PlyCount "90"]
[EventDate "2016.??.??"]

1. e4 c6 2. d4 d5 3. f3 e6 4. Be3 dxe4 5. fxe4 Qh4+ 6. g3 Qxe4 7. Qe2 Nf6 (7...
Qxh1 8. Bg2 Qxh2 9. Bxc6+ Nxc6 10. Qxh2) 8. Bg2 Qf5 9. Nf3 Qa5+ 10. c3 Be7 11.
O-O O-O 12. c4 c5 13. Nc3 cxd4 14. Nxd4 Nbd7 15. a3 a6 16. b4 Qc7 17. Rac1 Nb6
18. c5 Nbd5 19. Nxd5 Nxd5 20. Bf2 Bf6 21. Qh5 g6 22. Qh6 Qe7 23. Nf3 Bd7 24. h4
Bg7 25. Qd2 Bc6 26. Bd4 Nf6 27. Qc3 Ne4 $1 28. Qb2 Bxd4+ 29. Nxd4 Bd5 (29...
Nxg3 30. Nxc6 bxc6) 30. Kh2 f5 31. Ne2 Rad8 32. Rcd1 Nf6 33. Nf4 Ng4+ 34. Kh3
Bxg2+ 35. Nxg2 Qf6 36. Qb3 Rxd1 37. Qxd1 Rd8 38. Qb3 Rd2 39. Re1 Kf7 40. Qf3
Qe7 41. Qc3 Qd7 42. Qh8 Nf6 $1 43. Ne3 Qd4 44. Qb8 Qg4+ $1 45. Nxg4 fxg4#
0-1

[Event "Stjernens høstturnering 2016"]
[Site "Seilduksgata 11"]
[Date "2016.09.06"]
[Round "6"]
[White "Fjellheim, Benjamin"]
[Black "Ryen, Thomas Ager"]
[Result "0-1"]
[WhiteElo "1715"]
[BlackElo "1627"]
[Annotator "Stjernen,SK"]
[PlyCount "95"]
[EventDate "2016.??.??"]

1. c4 f5 2. g3 Nf6 3. Bg2 e6 4. Nf3 c6 5. Nc3 d5 6. b3 Bd6 7. Bb2 O-O 8. O-O e5
9. cxd5 cxd5 10. Nb5 Nc6 11. Nxd6 Qxd6 12. d4 e4 13. Ne5 Ng4 14. Rc1 Bd7 15.
Nxc6 bxc6 16. Qd2 Rae8 17. e3 g5 18. Qa5 Qb8 (18... f4 $1) 19. Ba3 Rf6 20. Bc5
Rh6 21. Qxa7 Qxa7 22. Bxa7 Nxh2 23. Rfd1 Nf3+ 24. Kf1 Ra8 (24... Bc8 $1) 25.
Bc5 Rxa2 26. b4 Nh2+ 27. Ke1 Ng4 28. Rd2 Rxd2 29. Kxd2 Nxf2 30. Ra1 Rh2 31. Ra7
Rxg2 32. Rxd7 Ng4+ 33. Kc3 Nxe3 34. Rc7 f4 35. gxf4 gxf4 36. Rxc6 f3 37. b5 f2
38. Rf6 f1=Q 39. Rxf1 Nxf1 40. b6 Rg7 41. Bd6 Rb7 42. Bc7 Ne3 43. Kb4 Nc4 44.
Kc5 e3 45. Kxd5 Nxb6+ 46. Kc6 Rxc7+ 47. Kxb6 Rc1 48. Ka6
0-1

[Event "Stjernens høstturnering 2016"]
[Site "Seilduksgata 11"]
[Date "2016.09.06"]
[Round "6"]
[White "Ruud, Svein E"]
[Black "Jonassen, Didrik"]
[Result "1-0"]
[WhiteElo "1674"]
[BlackElo "1393"]
[PlyCount "53"]
[EventDate "2016.??.??"]

1. d4 Nf6 2. Nf3 g6 3. e3 Bg7 4. Bd3 O-O 5. O-O d5 6. Re1 Bg4 7. Nbd2 Nbd7 8.
h3 Be6 9. c3 c5 10. e4 dxe4 11. Nxe4 c4 12. Bc2 b5 13. Qe2 Bd5 14. Bf4 Nh5 15.
Bh2 f5 16. Neg5 e5 17. dxe5 Bxf3 18. Nxf3 Re8 19. Rad1 Qe7 20. g4 Nhf6 21. e6
Nc5 22. gxf5 gxf5 23. Bxf5 Bh6 24. Bd6 Qg7+ 25. Kh1 Ncd7 26. Rg1 Bg5 27. Rxg5
1-0

[Event "Stjernens høstturnering 2016"]
[Site "Seilduksgata 11"]
[Date "2016.09.06"]
[Round "6"]
[White "Kutrovac, Milan"]
[Black "Lindsjørn, Trygve"]
[Result "1-0"]
[WhiteElo "1611"]
[BlackElo "1623"]
[Annotator "Stjernen,SK"]
[PlyCount "93"]
[EventDate "2016.??.??"]

1. d4 d5 2. c4 e6 3. Nf3 Nf6 4. g3 b6 5. Bg2 Bb7 6. O-O Be7 7. Bf4 O-O 8. Nbd2
Nbd7 9. Qc2 Rc8 10. b3 c5 11. dxc5 Bxc5 12. Rad1 Qe7 13. Ne5 Nxe5 14. Bxe5 Bd6
15. Bxd6 Qxd6 16. e4 Qc7 17. Rfe1 dxc4 18. bxc4 Rfd8 19. e5 Ne8 20. Ne4 Qe7 21.
Rxd8 Rxd8 22. f4 g6 23. Rc1 Bxe4 24. Bxe4 Qc5+ 25. Kh1 Rd4 26. Bf3 Ng7 27. Be4
Qc7 28. Qe2 Qc5 29. Rc2 Ne8 30. h3 Rd7 31. Kh2 Nc7 32. h4 Na6 33. Rd2 Qe7 34.
Bc6 Rxd2 35. Qxd2 Nc5 36. Qd4 Kf8 37. Kh3 h5 38. g4 hxg4+ 39. Kxg4 Kg7 40. Qd6
Kf8 41. h5 gxh5+ (41... f5+ 42. Kg3 (42. exf6 Qxd6) 42... Qxd6 43. exd6 gxh5)
42. Kxh5 f6 43. Kg6 $1 Qxd6 44. exd6 e5 45. fxe5 fxe5 46. Kf6 Ne6 47. Kxe6
1-0

[Event "Stjernens høstturnering 2016"]
[Site "Seilduksgata 11"]
[Date "2016.09.06"]
[Round "6"]
[White "Lindsjørn, Yngve"]
[Black "Omre, Christian Areklett"]
[Result "1-0"]
[WhiteElo "1588"]
[BlackElo "1330"]
[PlyCount "79"]
[EventDate "2016.??.??"]

1. e4 d5 2. exd5 Nf6 3. d4 c6 4. dxc6 Nxc6 5. c3 e5 6. Nf3 e4 7. Ng5 h6 8. Nh3
Be7 9. Nf4 O-O 10. Bb5 Qb6 11. Bxc6 bxc6 12. b4 Ba6 13. Be3 Nd5 14. Ne2 Rad8
15. O-O Qb5 16. Re1 Nxe3 17. fxe3 Bh4 18. g3 Bg5 19. Nf4 Bc8 20. Qe2 Qf5 21.
Nd2 Rfe8 22. Qg2 Re7 23. a4 a6 24. Nc4 Bxf4 25. exf4 Qg6 26. Re3 Bf5 27. Rae1
f6 28. Nd2 Rde8 29. Qe2 h5 30. Qxa6 h4 31. Qf1 hxg3 32. hxg3 Kf7 33. R1e2 Rh8
34. Rh2 Ree8 35. Qf2 Rh5 36. Nf1 Reh8 37. Qg2 Bh3 38. Qxe4 Bxf1 39. Qxg6+ Kxg6
40. Rxh5
1-0

[Event "Stjernens høstturnering 2016"]
[Site "Seilduksgata 11"]
[Date "2016.09.06"]
[Round "6"]
[White "Bergh, Nicholas"]
[Black "Iversen, Kjell"]
[Result "1-0"]
[WhiteElo "1534"]
[BlackElo "1556"]
[Annotator "Stjernen,SK"]
[PlyCount "93"]
[EventDate "2016.??.??"]

1. f4 d5 2. Nf3 Nc6 3. e3 Bg4 4. Bb5 e6 5. O-O a6 6. Bxc6+ bxc6 7. b3 Be7 8.
Qe1 Bf6 9. Ne5 Bf5 10. d3 Ne7 11. Bb2 O-O 12. Nd2 c5 13. e4 Bxe5 14. Bxe5 Bg6
15. g4 f5 16. exf5 exf5 17. g5 Nc6 18. Nf3 d4 19. Qg3 Nb4 20. Rf2 Nd5 21. h4
Bh5 22. Re1 Ne3 23. Nh2 c6 24. Nf1 Qa5 25. Rxe3 dxe3 26. Qxe3 Rae8 27. Ng3 Bg4
28. a4 Re6 29. h5 Rfe8 30. Rh2 c4 31. d4 Qd5 32. h6 g6 33. Kf2 Rb8 34. Qc3 Rb7
(34... cxb3 $3 35. Bxb8 b2 $1 36. Qxb2 (36. Rh1 Bh3 37. Rxh3 (37. Rb1 Qg2#)
37... b1=Q) 36... Qf3+ 37. Kg1 Qxg3+ 38. Kf1 Re1#) 35. bxc4 Qd7 36. Rh1 Re8 37.
c5 Qd5 38. Re1 Bh3 39. Rg1 Bg4 40. Re1 Rb4 41. Re3 Rc4 42. Qd3 Bh3 43. Ke1 Rxa4
44. Ne2 Ra1+ 45. Kd2 Qh1 46. Qc4+ Kf8 47. Bg7#
1-0

[Event "Stjernens høstturnering 2016"]
[Site "Seilduksgata 11"]
[Date "2016.09.06"]
[Round "6"]
[White "Prestholm, Trym"]
[Black "Wahl, Terje"]
[Result "1-0"]
[WhiteElo "1126"]
[BlackElo "1313"]
[PlyCount "79"]
[EventDate "2016.??.??"]

1. d4 Nf6 2. Nf3 g6 3. Nc3 Bg7 4. Bf4 d6 5. e3 O-O 6. Be2 Nbd7 7. e4 Nb6 8. e5
dxe5 9. Nxe5 Nfd7 10. h4 Nxe5 11. dxe5 Nd7 12. Qd3 Nxe5 13. Bxe5 Qxd3 14. Bxd3
Bxe5 15. O-O-O Bxc3 16. bxc3 Be6 17. c4 c6 18. a3 Rad8 19. f4 f5 20. h5 Kg7 21.
hxg6 hxg6 22. Rde1 Rf6 23. Rh3 Rh8 24. Rhe3 Kf7 25. Kb2 Rh2 26. g3 a6 27. a4 c5
28. a5 Rh8 29. Re5 Rc8 30. Bf1 Rc7 31. Kc3 b6 32. axb6 Rb7 33. Rxc5 Rxb6 34.
Rce5 Ke8 35. Bg2 Rb8 36. Rxe6 Rxe6 37. Rxe6 a5 38. Bc6+ Kf7 39. Bd5 Kg7 40.
Rxe7+
1-0

[Event "Stjernens høstturnering 2016"]
[Site "Seilduksgata 11"]
[Date "2016.09.06"]
[Round "7"]
[White "Kaasen, Tor Fredrik"]
[Black "Haugerud, Hårek"]
[Result "1-0"]
[WhiteElo "1927"]
[BlackElo "1709"]
[PlyCount "63"]
[EventDate "2016.??.??"]

1. e4 c5 2. Nf3 Nc6 3. Bb5 d6 4. O-O Nf6 5. Re1 Bd7 6. c3 g6 7. d4 cxd4 8. cxd4
Bg7 9. Nc3 O-O 10. h3 a6 11. Bf1 Rc8 12. Bg5 Ne8 13. Qd2 b5 14. e5 dxe5 15.
dxe5 Nc7 16. Rad1 Be6 17. Qf4 Qe8 18. Qh4 f6 19. exf6 exf6 20. Be3 Qf7 21. Ne4
Ne8 22. Bc5 Ne7 23. Qg3 Kh8 24. Nfg5 fxg5 25. Nxg5 Qf5 26. Bxe7 Bxa2 27. Bd3
Qf4 28. Bxf8 Qxf8 29. Nxh7 Kxh7 30. Qxg6+ Kg8 31. Qh7+ Kf7 32. Qh5+
1-0

[Event "Stjernens høstturnering 2016"]
[Site "Seilduksgata 11"]
[Date "2016.09.06"]
[Round "7"]
[White "Marosevic, Tomislav"]
[Black "Egeland, Finn"]
[Result "0-1"]
[WhiteElo "1534"]
[BlackElo "1960"]
[Annotator "Stjernen,SK"]
[PlyCount "74"]
[EventDate "2016.??.??"]

1. d4 Nf6 2. c4 g6 3. Nc3 Bg7 4. e4 d6 5. f3 O-O 6. Nge2 c5 7. d5 a6 8. a4 e6
9. Be3 exd5 10. cxd5 Nbd7 11. Qd2 Re8 12. Ng3 h5 13. Bg5 Qa5 14. Be2 b5 15. O-O
b4 16. Nd1 Nh7 17. Be3 Ne5 18. Ra2 Bd7 19. b3 h4 20. Nh1 f5 21. Nhf2 Nf7 22.
Nb2 Bc3 23. Qc1 Bb5 24. Nc4 Bxc4 25. Bxc4 Rac8 26. Bd3 (26. exf5 gxf5 27. Bd3)
26... Ne5 27. Be2 c4 28. Qc2 Nf6 29. f4 Neg4 30. Nxg4 Nxg4 31. Bxg4 Rxe4 32.
Bxf5 (32. Qxe4 fxe4 33. Bxc8 Qxd5 34. Raf2 Qd3 35. Bxa6 Qxe3 36. Bxc4+) 32...
gxf5 33. Bf2 Qxd5 34. bxc4 Qxc4 35. Rb1 Rxf4 36. Be3 b3 $1 37. Qxb3 Rf1+ $1
0-1

[Event "Stjernens høstturnering 2016"]
[Site "Seilduksgata 11"]
[Date "2016.09.06"]
[Round "7"]
[White "Vestli, Håkon Bjørge"]
[Black "Wasshaug, Espen"]
[Result "0-1"]
[WhiteElo "1952"]
[BlackElo "1797"]
[PlyCount "62"]
[EventDate "2016.??.??"]

1. e4 c5 2. Nf3 d6 3. b3 Nf6 4. Nc3 Nc6 5. Bb2 g6 6. h3 Bg7 7. Nd5 O-O 8. Nxf6+
exf6 9. Be2 Re8 10. d3 b5 11. O-O a5 12. a4 bxa4 13. Rxa4 Bd7 14. Qd2 Nd4 15.
Ra2 Nxe2+ 16. Qxe2 d5 17. Nd2 Bc6 18. f3 a4 19. bxa4 Rxa4 20. Rxa4 Bxa4 21. c4
dxe4 22. fxe4 Bc2 23. Rf3 Qb6 24. Bc3 Rd8 25. Qf1 Qd6 26. e5 fxe5 27. Ne4 Bxd3
28. Nxd6 Bxf1 29. Nxf7 Rd1 30. Nh6+ Bxh6 31. Rxf1 Be3+
0-1

[Event "Stjernens høstturnering 2016"]
[Site "Seilduksgata 11"]
[Date "2016.09.06"]
[Round "7"]
[White "Fjellheim, Benjamin"]
[Black "Bergh, Nicholas"]
[Result "0-1"]
[WhiteElo "1715"]
[BlackElo "1534"]
[Annotator "Stjernen,SK"]
[PlyCount "64"]
[EventDate "2016.??.??"]

1. c4 f5 2. g3 Nf6 3. Bg2 e6 4. Nc3 Bb4 5. Nf3 O-O 6. O-O d6 7. d4 Bxc3 8. bxc3
Ne4 9. Qc2 Nc6 10. Nd2 Nxd2 11. Bxd2 e5 12. Rab1 Qe8 13. d5 Ne7 14. f4 Ng6 15.
e4 exf4 16. Bxf4 Ne5 17. Qe2 fxe4 18. Bxe4 Bg4 19. Qc2 b6 20. Bxh7+ Kh8 21.
Bxe5 Qxe5 22. Be4 Rxf1+ 23. Rxf1 Re8 24. Rf4 Bh3 25. Rh4+ Kg8 26. Bh7+ Kh8 27.
Bg6+ (27. Bd3+ Kg8 28. Rxh3) 27... Kg8 28. Re4 Rf8 $1 29. Qe2 Qg5 $1 30. Bh7+
Kh8 $1 31. Rf4 Rxf4 32. Qe8+ Kxh7
0-1

[Event "Stjernens høstturnering 2016"]
[Site "Seilduksgata 11"]
[Date "2016.09.06"]
[Round "7"]
[White "Grindbakken, Erik"]
[Black "Ruud, Svein E"]
[Result "0-1"]
[WhiteElo "1691"]
[BlackElo "1674"]
[PlyCount "32"]
[EventDate "2016.??.??"]

1. c4 b6 2. d4 Bb7 3. Bf4 e6 4. e3 Bd6 5. Bxd6 cxd6 6. Nf3 d5 7. Nc3 dxc4 8.
Nb5 d5 9. g3 a6 10. Nc3 b5 11. Bg2 Nf6 12. Nd2 Nc6 13. a3 O-O 14. O-O e5 15.
Ne2 e4 16. f4 Ng4
0-1

[Event "Stjernens høstturnering 2016"]
[Site "Seilduksgata 11"]
[Date "2016.09.06"]
[Round "7"]
[White "Ryen, Thomas Ager"]
[Black "Bernstein, Jonas August"]
[Result "1-0"]
[WhiteElo "1627"]
[BlackElo "1486"]
[Annotator "Stjernen,SK"]
[PlyCount "61"]
[EventDate "2016.??.??"]

1. e4 e6 2. d4 d5 3. Nd2 Nf6 4. e5 Nfd7 5. Bd3 c5 6. c3 Nc6 7. Ndf3 Qb6 8. Ne2
cxd4 9. cxd4 f6 10. exf6 Nxf6 11. O-O Bd6 12. a3 O-O 13. b4 Bd7 14. Nf4 e5 15.
dxe5 Nxe5 16. Nxd5 $5 Nxd5 17. Bxh7+ Kxh7 18. Ng5+ Kg6 $1 19. Qxd5 Qc6 20. Qb3
Qc4 21. Qd1 Bc7 (21... Be7 $1 $19) 22. Be3 Qh4 23. g3 (23. Qc2+ $1 Rf5 24. Qxc7
) 23... Qh8 (23... Qh5 24. Qc2+ $2 Rf5 $1 25. Qxc7 Rxg5 $1 26. Bxg5 Nf3+ $1 27.
Kg2 Bc6 $1) 24. Qc2+ Bf5 25. Qxc7 Ng4 26. h4 Rac8 27. Qxb7 Qg8 28. Rad1 Rf6 29.
Bf4 Qa2 30. h5+ $1 Kxh5 31. Qh1+
1-0

[Event "Stjernens hÃ¸stturnering 2016"]
[Site "Seilduksgata 11"]
[Date "2016.09.06"]
[Round "7"]
[White "Smedsrud, Morten S"]
[Black "Iversen, Kjell"]
[Result "1-0"]
[WhiteElo "1257"]
[BlackElo "1556"]
[Annotator "Stjernen,SK"]
[PlyCount "89"]
[EventDate "2016.??.??"]

1. d4 d5 2. c4 c6 3. Nf3 Bg4 4. Ne5 Bh5 5. Bf4 f6 6. Nf3 e6 7. Nbd2 Bd6 8. Bxd6
Qxd6 9. a3 Ne7 10. e3 O-O 11. Be2 Nd7 12. b4 Rae8 13. c5 Qc7 14. O-O e5 15. Qb3
e4 16. Nxe4 Nf5 17. Nc3 Nh6 18. h3 Nf7 19. a4 Kh8 20. b5 Qc8 21. Rfb1 Ng5 22.
Nh4 Bxe2 23. Nxe2 Nb8 24. Nc3 Re7 25. Qc2 f5 26. bxc6 Nxc6 27. Nxd5 Ref7 28.
Nf4 Re8 29. Rb5 Ne6 30. Nxe6 Qxe6 31. Qb3 Qd7 32. Rb1 Nd8 33. Nf3 Rfe7 34. Nd2
f4 35. Nc4 h5 36. Nd6 Rf8 37. Nxb7 (37. c6 $1 Qxd6 (37... bxc6 38. Rxh5#) 38.
Rxh5+ Qh6 39. Rxh6+) 37... f3 38. Nxd8 Rxd8 39. Rb7 Qe8 40. Qb5 Qg6 41. g3 Qf5
42. Kh2 Re6 43. c6 Rd5 44. c7 Rxb5 45. c8=Q+ 1-0

[Event "Stjernens høstturnering 2016"]
[Site "Seilduksgata 11"]
[Date "2016.09.06"]
[Round "7"]
[White "Jonassen, Didrik"]
[Black "Wahl, Terje"]
[Result "1/2-1/2"]
[WhiteElo "1393"]
[BlackElo "1313"]
[PlyCount "59"]
[EventDate "2016.??.??"]

1. d4 Nf6 2. c4 g6 3. Nc3 Bg7 4. e3 O-O 5. Nf3 d6 6. Bd3 c5 7. d5 Nbd7 8. O-O
e5 9. dxe6 fxe6 10. Re1 e5 11. e4 Nb6 12. Nd5 Nbxd5 13. exd5 Nh5 14. Bg5 Qc7
15. Qc2 Bf5 16. Rad1 Rae8 17. Nd2 Bxd3 18. Qxd3 Nf4 19. Qc2 Qf7 20. Ne4 Qf5 21.
Qb3 Qg4 22. g3 Nh3+ 23. Kf1 Nxg5 24. Nxd6 Qh3+ 25. Ke2 Rf3 26. Nxe8 Rxb3 27.
axb3 Qg4+ 28. Kf1 Qh3+ 29. Ke2 Qg4+ 30. Kf1
1/2-1/2